000 00855nam a2200229Ia 4500
005 20251020182530.0
008 200515s9999 xx 000 0 und d
082 _a696/C59
100 _aCLARK, William H.
245 0 _aAnálisis y gestión energética de edificios : Métodos , proyectos y sistemas de ahorro energético
260 _aMadrid
260 _c1998
500 _a1 ejemplar
520 _aIntroducción a los aspectos más prácticos del ahorro y conservación de la energía. Estás técnicas de análisis y gestión son cada vez más importantes debido a la elevación de precios de las fuentes energéticas, la mayor competitividad que se demanda, la pr
650 _aAIRE ACONDICIONADO
650 _aCALEFACCION
650 _aILUMINACION
650 _aLIB
650 _aREFRIGERACION
650 _aVENTILACION
942 _cLIB
999 _c2034
_d2034